Italien und die Bundesrepublik Deutschland - Antriebskräfte der europäischen Integration Konferenz des deutsch-italienischen Gesprächsforums 1989

Guardado en:
Detalles Bibliográficos
Otros Autores: Regelsberger, Elfriede, Ferrera, Maurizio
Formato: Libro
Lenguaje:alemán
Publicado: Bonn Europa Union 1990
Edición:1. Aufl.
Materias:
Etiquetas: Agregar Etiqueta
Sin Etiquetas, Sea el primero en etiquetar este registro!

MARC

LEADER 00000nam a2200000 4500
001 c000710
005 20221215125351.4
020 |a 3-7713-0379-6 
041 0 |a ger 
044 |a DE 
245 1 0 |a Italien und die Bundesrepublik Deutschland - Antriebskräfte der europäischen Integration  |b Konferenz des deutsch-italienischen Gesprächsforums 1989  |c Edit. Elfriede Regelsberger, Maurizio Ferrera 
250 |a 1. Aufl. 
264 1 |a Bonn  |b Europa Union  |c 1990 
300 |a 228 s. 
610 2 0 |a integrácia ekonomická medzinárodná 
610 2 0 |a Taliansko 
610 2 0 |a Nemecko 
610 2 0 |a politika zahraničná 
610 2 0 |a sústava menová 
610 2 0 |a únie menové 
610 2 0 |a bezpečnosť európska 
610 2 0 |a Európske spoločenstvá 
610 2 0 |a demografia 
610 2 0 |a politika sociálna 
610 2 0 |a trh vnútorný 
610 2 0 |a trh práce 
610 2 0 |a dane 
610 2 0 |a konkurencia 
700 1 |a Regelsberger, Elfriede 
700 1 |a Ferrera, Maurizio